[Event "16th Asian Games Team Women"]
[Site "Guangzhou CHN"]
[Date "2010.11.19"]
[Round "2"]
[White "Hamrakulova, Yulduz"]
[Black "Meenakshi Subbaraman"]
[Result "1/2-1/2"]
[WhiteTitle "WIM"]
[BlackTitle "WGM"]
[WhiteElo "2180"]
[BlackElo "2328"]
[WhiteTeam "UZB"]
[BlackTeam "IND"]
[WhiteFideId "14201151"]
[BlackFideId "5004381"]
[EventDate "2010.11.18"]

1. d4 d6 2. Nf3 g6 3. c4 Bg7 4. Nc3 Bg4 5. e4 Bxf3 6. gxf3 Nc6 7. d5 Nd4 8. Be3
c5 9. dxc6 Nxc6 10. Rc1 Nf6 11. Be2 Qd7 12. Nd5 e6 13. Nc3 O-O 14. O-O Rad8 15.
b3 d5 16. cxd5 exd5 17. Nxd5 Nxd5 18. Qxd5 Qh3 19. Qg5 Nd4 20. Bxd4 Rxd4 21.
Rcd1 h6 22. Qg3 Qh5 23. Rxd4 Bxd4 24. Bc4 Re8 25. Re1 Kg7 26. f4 Qa5 27. Re2 Qa3
28. e5 Qc5 29. a4 a6 30. Qf3 b5 31. axb5 axb5 32. Bd5 h5 33. Kg2 Re7 34. Be4 Ra7
35. Rc2 Qb4 36. Bd5 Bb6 37. Qe4 Qxe4+ 38. Bxe4 Rc7 39. Bc6 Kf8 40. Kf3 Ke7 41.
Be4 Rxc2 42. Bxc2 b4 43. Bd3 Bc5 44. Kg3 Bd4 45. Bc4 Bc5 46. Bd3 Bd4 47. f3 Be3
48. Bc4 Bd2 49. Bd5 Be1+ 50. Kg2 Bd2 51. Kg3 Be1+ 52. Kg2 Bd2 1/2-1/2

[Event "16th Asian Games Team Women"]
[Site "Guangzhou CHN"]
[Date "2010.11.19"]
[Round "2"]
[White "Mohota, Nisha"]
[Black "Nodirjanova, Nodira"]
[Result "1-0"]
[WhiteTitle "WGM"]
[WhiteElo "2325"]
[BlackElo "2149"]
[WhiteTeam "IND"]
[BlackTeam "UZB"]
[WhiteFideId "5004330"]
[BlackFideId "14201232"]
[EventDate "2010.11.18"]

1. d4 d5 2. c4 dxc4 3. e3 Nf6 4. Bxc4 e6 5. Nf3 c5 6. O-O a6 7. Bb3 Nc6 8. Nc3
cxd4 9. exd4 Be7 10. Bg5 O-O 11. Qd2 h6 12. Bf4 b5 13. d5 exd5 14. Nxd5 Nxd5 15.
Bxd5 Bb7 16. Rfd1 Na5 17. Bxb7 Nxb7 18. Bxh6 gxh6 19. Qxh6 Nd6 20. Rd4 Qd7 21.
Ne5 Qe6 22. Rg4+ Qxg4 23. Nxg4 Rfd8 24. h3 Nf5 25. Qh5 Nd6 26. Re1 Bf8 27. Nf6+
Kg7 28. Qg5+ 1-0

[Event "16th Asian Games Team Women"]
[Site "Guangzhou CHN"]
[Date "2010.11.19"]
[Round "2"]
[White "Pham, Le Thao Nguyen"]
[Black "Shamima, Akter Liza"]
[Result "1-0"]
[WhiteTitle "WIM"]
[BlackTitle "WFM"]
[WhiteElo "2337"]
[BlackElo "2161"]
[WhiteTeam "VIE"]
[BlackTeam "BAN"]
[WhiteFideId "12401226"]
[BlackFideId "10202587"]
[EventDate "2010.11.18"]

1. d4 d5 2. Bf4 Nf6 3. e3 Bf5 4. c4 c6 5. Nc3 e6 6. Qb3 Qb6 7. c5 Qxb3 8. axb3
Nbd7 9. b4 Nh5 10. Nf3 Nxf4 11. exf4 Be7 12. b5 O-O 13. Be2 f6 14. O-O e5 15. b4
e4 16. Nd2 Be6 17. Nb3 Rfc8 18. Na5 cxb5 19. Bxb5 Rc7 20. Be2 b6 21. Nb5 Rcc8
22. Nb7 bxc5 23. bxc5 a6 24. N5d6 Rc7 25. Rxa6 Rxa6 26. Bxa6 Nb8 27. Bb5 Nc6 28.
Bxc6 Rxc6 29. Ra1 h5 30. Ra8+ Kh7 31. h3 g5 32. fxg5 fxg5 33. Nd8 Bxd8 34. Rxd8
Ra6 35. Re8 Bg8 36. Kh2 Kg7 37. g4 h4 38. Nf5+ Kf7 39. Rd8 Ra2 40. Kg1 Ra1+ 41.
Kg2 Bh7 42. Rd7+ Kg8 43. c6 1-0

[Event "16th Asian Games Team Women"]
[Site "Guangzhou CHN"]
[Date "2010.11.19"]
[Round "2"]
[White "Sultana, Sharmin Shirin"]
[Black "Nguyen, Thi Thanh An"]
[Result "0-1"]
[BlackTitle "WGM"]
[WhiteElo "1998"]
[BlackElo "2300"]
[WhiteTeam "BAN"]
[BlackTeam "VIE"]
[WhiteFideId "10204482"]
[BlackFideId "12400300"]
[EventDate "2010.11.18"]

1. d4 g6 2. c4 Bg7 3. Nc3 d6 4. e4 Nc6 5. Be3 e5 6. d5 Nce7 7. Bd3 f5 8. f3 Nf6
9. Qd2 O-O 10. Bh6 c6 11. Bxg7 Kxg7 12. O-O-O cxd5 13. exd5 Bd7 14. Kb1 a6 15.
Nge2 Rb8 16. Nc1 b5 17. Rde1 Qc7 18. Qe2 Rfc8 19. cxb5 axb5 20. g4 b4 21. Nd1
Qxc1# 0-1

[Event "16th Asian Games Team Women"]
[Site "Guangzhou CHN"]
[Date "2010.11.19"]
[Round "2"]
[White "Nguyen, Thi Mai Hung"]
[Black "Hamid, Rani"]
[Result "1-0"]
[WhiteTitle "WIM"]
[BlackTitle "WIM"]
[WhiteElo "2253"]
[BlackElo "1965"]
[WhiteTeam "VIE"]
[BlackTeam "BAN"]
[WhiteFideId "12401676"]
[BlackFideId "10200096"]
[EventDate "2010.11.18"]

1. d4 Nf6 2. Bf4 e6 3. e3 c5 4. c3 b6 5. Nf3 Bb7 6. Bd3 Be7 7. h3 O-O 8. O-O d5
9. Nbd2 Ne4 10. Rc1 Nd7 11. Qe2 f5 12. Ne5 Nxe5 13. Bxe5 Qe8 14. f3 Nxd2 15.
Qxd2 Rc8 16. Qe2 Bg5 17. f4 Bh4 18. g4 Be7 19. Kh2 c4 20. Bc2 b5 21. gxf5 exf5
22. Rg1 Bf6 23. Rg2 Bxe5 24. fxe5 Rc6 25. Rcg1 Rg6 26. Rxg6 hxg6 27. Qg2 Kh7 28.
h4 Rh8 29. Bxf5 Kg8 30. Qg4 Rxh4+ 31. Qxh4 gxf5 32. Qg5 Qf8 33. Kg3 Bc8 34. Kf4
Be6 35. Qf6 Bf7 36. e6 Bh5 37. Qxf8+ Kxf8 38. Kxf5 Be8 39. Ke5 1-0

[Event "16th Asian Games Team Women"]
[Site "Guangzhou CHN"]
[Date "2010.11.19"]
[Round "2"]
[White "Khan, Nazrana"]
[Black "Nguyen, Thi Tuong Van"]
[Result "0-1"]
[BlackTitle "WIM"]
[WhiteElo "2003"]
[BlackElo "2214"]
[WhiteTeam "BAN"]
[BlackTeam "VIE"]
[WhiteFideId "10201734"]
[BlackFideId "12400270"]
[EventDate "2010.11.18"]

1. d4 d5 2. c4 e6 3. e3 Nf6 4. Nf3 Be7 5. Nc3 O-O 6. Bd3 b6 7. O-O Bb7 8. cxd5
exd5 9. Bd2 Nbd7 10. Rc1 Re8 11. Ne2 Bd6 12. Ng3 g6 13. Qb3 c5 14. Bb1 Ne4 15.
Rfe1 Rc8 16. Bc3 c4 17. Qd1 b5 18. Re2 b4 19. Be1 Nxg3 20. hxg3 Qb6 21. b3 Ba6
22. bxc4 Rxc4 23. Rxc4 Bxc4 24. Bd3 Qb5 25. Bxc4 dxc4 26. Rb2 a5 27. Qc2 Qd5 28.
Rb1 Nf6 29. Nd2 c3 30. Nf1 Rc8 31. f3 Qc4 32. Bf2 Nd5 33. e4 Nb6 34. d5 Bc5 35.
Ne3 Qa6 36. Rd1 Bxe3 37. Bxe3 Nc4 38. Qd3 Qd6 39. Bf4 Qb6+ 40. Qd4 c2 41. Rd3 a4
42. Qxb6 Nxb6 43. Bc1 Kf8 44. Kf2 Ke8 45. Ke2 Nc4 46. f4 Kd7 47. g4 Rb8 48. Rd4
Nd6 49. Kd2 b3 50. axb3 axb3 51. Bb2 Rc8 52. Rb4 Nc4+ 53. Kc1 Nxb2 54. Rxb3 Nc4
55. e5 Na5 56. Rb6 Rc3 57. Rb2 Nb3+ 58. Rxb3 Rxb3 59. Kxc2 0-1

[Event "16th Asian Games Team Women"]
[Site "Guangzhou CHN"]
[Date "2010.11.19"]
[Round "2"]
[White "Al-Jelda, Fatma"]
[Black "Lkhamsuren, Uuganbayar"]
[Result "0-1"]
[WhiteElo "1836"]
[BlackElo "2181"]
[WhiteTeam "SYR"]
[BlackTeam "MGL"]
[WhiteFideId "7600291"]
[BlackFideId "4901347"]
[EventDate "2010.11.18"]

1. e4 e6 2. d4 d5 3. exd5 exd5 4. Nf3 Bg4 5. c3 Bd6 6. Be2 Ne7 7. Bg5 f6 8. Bh4
Nf5 9. Bg3 Nxg3 10. hxg3 Qe7 11. Nbd2 Nd7 12. Qb3 Nb6 13. O-O-O O-O-O 14. Bd3
Bd7 15. Rde1 Qf7 16. Qc2 g6 17. Rh2 Qg7 18. Reh1 Rde8 19. Re1 Rxe1+ 20. Nxe1 Re8
21. Nef3 Kb8 22. Rh1 Nc8 23. Qd1 c6 24. Re1 Rxe1 25. Qxe1 Qe7 26. Qxe7 Nxe7 27.
Kd1 Kc7 28. Nf1 Ng8 29. Ne3 Nh6 30. Ke2 a5 31. Ng1 a4 32. Nc2 b6 33. Nf3 Ng4 34.
Ne3 Bf8 35. Ne1 Nxe3 36. Kxe3 c5 37. b3 b5 38. Bc2 Kb6 39. Ke2 Bd6 40. Nf3 cxd4
41. Nxd4 axb3 42. Bxb3 Kc5 43. Ke3 Bc7 44. Nc2 Ba5 45. Kd3 Bf5+ 46. Kd2 Be6 47.
Nd4 Bc8 48. Ne2 b4 49. cxb4+ Bxb4+ 50. Ke3 Ba6 51. f3 Bb7 52. Nd4 Bc8 53. g4 Bc3
54. Ne2 d4+ 55. Kf2 Bd2 56. Nf4 Bxf4 0-1

[Event "16th Asian Games Team Women"]
[Site "Guangzhou CHN"]
[Date "2010.11.19"]
[Round "2"]
[White "Mir Mahmoud, Afamia"]
[Black "Enkhtuul, Altanulzii"]
[Result "0-1"]
[BlackTitle "WCM"]
[WhiteElo "2010"]
[BlackElo "2121"]
[WhiteTeam "SYR"]
[BlackTeam "MGL"]
[WhiteFideId "7600674"]
[BlackFideId "4901444"]
[EventDate "2010.11.18"]

1. d4 d5 2. Nf3 e6 3. c4 Bb4+ 4. Nc3 Nf6 5. Bg5 Nbd7 6. Qc2 c5 7. e3 Qa5 8. Bxf6
Nxf6 9. Nd2 Bd7 10. Be2 O-O 11. O-O Rac8 12. a3 Bxc3 13. bxc3 cxd4 14. cxd4 dxc4
15. Nxc4 Qd5 16. Qa2 Ne4 17. Rfc1 b5 18. f3 Nf6 19. a4 bxc4 20. Bxc4 Qg5 21. Qe2
Nd5 22. f4 Qf6 23. g3 Nb4 24. Rd1 Bc6 25. e4 Bxe4 26. a5 Bd5 27. Bxd5 Nxd5 0-1

[Event "16th Asian Games Team Women"]
[Site "Guangzhou CHN"]
[Date "2010.11.19"]
[Round "2"]
[White "Geldyeva, Mekhri"]
[Black "Lim, Hakyung"]
[Result "1-0"]
[WhiteTitle "WGM"]
[WhiteElo "2279"]
[BlackElo "1570"]
[WhiteTeam "TKM"]
[BlackTeam "KOR"]
[WhiteFideId "14000059"]
[BlackFideId "13200615"]
[EventDate "2010.11.18"]

1. d4 d5 2. e3 e6 3. Bd3 Nf6 4. Nf3 c5 5. c3 Nc6 6. O-O Bd6 7. Nbd2 Qc7 8. Qe2
O-O 9. dxc5 Bxc5 10. e4 Rd8 11. e5 Ng4 12. Nb3 Bb6 13. Bg5 Rd7 14. Rae1 Nxf2 15.
Rxf2 Bxf2+ 16. Qxf2 h6 17. Bf4 b6 18. Qg3 Kh8 19. Nh4 Qd8 20. Nf3 Bb7 21. Bb1
Rc8 22. Qf2 Ne7 23. Nbd4 Ba6 24. Bg3 Nc6 25. Qc2 Qg8 26. Nxc6 Rxc6 27. Nd4 Rc4
28. Qd2 Rc8 29. Bh4 Rdc7 30. Bf6 1-0

[Event "16th Asian Games Team Women"]
[Site "Guangzhou CHN"]
[Date "2010.11.19"]
[Round "2"]
[White "Byun, Sungwon"]
[Black "Hallaeva, Bahar"]
[Result "0-1"]
[WhiteTitle "WCM"]
[BlackTitle "WFM"]
[WhiteElo "1612"]
[BlackElo "2184"]
[WhiteTeam "KOR"]
[BlackTeam "TKM"]
[WhiteFideId "13200852"]
[BlackFideId "14000679"]
[EventDate "2010.11.18"]

1. e4 e5 2. Nf3 Nc6 3. Bb5 a6 4. Bxc6 dxc6 5. O-O f6 6. d4 exd4 7. Qxd4 Qxd4 8.
Nxd4 Bd6 9. Be3 Ne7 10. Nd2 Ng6 11. Nc4 Bf4 12. Bxf4 Nxf4 13. Rfe1 O-O 14. Rad1
c5 15. Nb3 b6 16. a3 Be6 17. Nbd2 Rad8 18. Ne3 Rd7 19. Nf3 Rfd8 20. Rxd7 Rxd7
21. g3 Ng6 22. Rd1 Rxd1+ 23. Nxd1 Bg4 24. Kg2 Ne5 25. Nxe5 Bxd1 26. Nc6 Bxc2 27.
f3 Kf7 28. Nb8 Bd3 29. Nc6 Ke6 30. b4 Kd6 31. Nd8 cxb4 32. axb4 Kd7 33. Nb7 Kc8
34. Kf2 Kxb7 35. Ke3 Bf1 36. f4 a5 37. bxa5 bxa5 38. e5 fxe5 39. fxe5 a4 40. e6
a3 41. e7 Bb5 0-1

[Event "16th Asian Games Team Women"]
[Site "Guangzhou CHN"]
[Date "2010.11.19"]
[Round "2"]
[White "Ovezova, Maisa"]
[Black "Kim, Taegyeong"]
[Result "1-0"]
[WhiteTitle "WFM"]
[WhiteElo "2087"]
[BlackElo "1515"]
[WhiteTeam "TKM"]
[BlackTeam "KOR"]
[WhiteFideId "14000393"]
[BlackFideId "13200976"]
[EventDate "2010.11.18"]

1. d4 d5 2. e3 c5 3. dxc5 e6 4. b4 a5 5. c3 axb4 6. cxb4 Qf6 7. Qd4 Qxd4 8. exd4
Nc6 9. Bb5 Ne7 10. Nf3 Bd7 11. Bd2 g6 12. Bc3 Bg7 13. Nbd2 O-O 14. Nb3 Nxb4 15.
Bxd7 Nc2+ 16. Kd2 Nxa1 17. Rxa1 Ra7 18. Bb5 Rc8 19. a4 Nc6 20. Re1 Bf6 21. g4
Bd8 22. h3 Na5 23. Nxa5 Bxa5 24. Bxa5 Rxa5 25. Ne5 Rc7 26. g5 Ra8 27. Ng4 Kg7
28. Nf6 Rcc8 29. Bd7 Rd8 30. Rb1 Rab8 31. Rb6 h6 32. h4 h5 33. Bb5 Rdc8 34. Nd7
Ra8 35. Rxb7 Ra5 36. Ne5 Rf8 37. c6 Raa8 38. Nd7 Rg8 39. Nb6 Rab8 40. Rxb8 Rxb8
41. c7 Rxb6 42. c8=Q 1-0

[Event "16th Asian Games Team Women"]
[Site "Guangzhou CHN"]
[Date "2010.11.19"]
[Round "2"]
[White "Boshra, Alshaeby"]
[Black "Al-khelaifi, Aisha"]
[Result "0-1"]
[WhiteElo "1807"]
[BlackElo "1640"]
[WhiteTeam "JOR"]
[BlackTeam "QAT"]
[WhiteFideId "8102937"]
[BlackFideId "12100625"]
[EventDate "2010.11.18"]

1. d4 d5 2. c4 c6 3. Nf3 Nf6 4. e3 a6 5. Nbd2 e6 6. Bd3 Nbd7 7. O-O c5 8. a3 Bd6
9. Qe2 O-O 10. e4 dxe4 11. Nxe4 Nxe4 12. Bxe4 cxd4 13. Nxd4 Nc5 14. Nf3 Nxe4 15.
Qxe4 Qf6 16. Rd1 Bc7 17. Qe2 h6 18. Be3 e5 19. Bc5 Re8 20. h3 e4 21. Nh2 Bxh2+
22. Kxh2 Qe5+ 23. Kh1 Qxc5 24. Rd5 Qc6 25. b4 Qf6 26. Rad1 Be6 27. Rd6 Qc3 28.
Rb6 Bxc4 29. Qg4 Qc2 30. Rdd6 Be6 31. Qf4 Rab8 32. Kh2 Qc7 33. Qxe4 Rbd8 34. Qd4
Rxd6 35. Qxd6 Qxd6+ 36. Rxd6 Bc8 37. Rd3 f6 38. Kg3 Kf7 39. Rc3 Be6 40. f4 Bd5
41. Kf2 Bc6 42. g4 Re4 43. Kf3 Rc4+ 0-1

[Event "16th Asian Games Team Women"]
[Site "Guangzhou CHN"]
[Date "2010.11.20"]
[Round "3"]
[White "Harika, Dronavalli"]
[Black "Hou, Yifan"]
[Result "1/2-1/2"]
[WhiteTitle "IM"]
[BlackTitle "GM"]
[WhiteElo "2525"]
[BlackElo "2591"]
[WhiteTeam "IND"]
[BlackTeam "CHN"]
[WhiteFideId "5015197"]
[BlackFideId "8602980"]
[EventDate "2010.11.18"]

1. c4 e6 2. g3 Nf6 3. Bg2 d5 4. Nf3 Be7 5. d4 O-O 6. O-O dxc4 7. Qc2 a6 8. Qxc4
b5 9. Qc2 Bb7 10. Bd2 Be4 11. Qc1 Bb7 12. Qc2 Be4 13. Qc1 Bb7 14. Bf4 Nd5 15.
Nc3 Nxf4 16. Qxf4 Nd7 17. Rfd1 Bd6 18. Qe3 Nb6 19. Ne5 Bxg2 20. Kxg2 Qe7 21. Nc6
Qe8 22. Qf3 f5 23. Rac1 Kh8 24. Na5 b4 25. Nb1 e5 26. dxe5 Qxe5 27. Nb7 Qxb2 28.
Qc6 Rab8 29. Nxd6 cxd6 30. Rd2 Qe5 31. Qxd6 1/2-1/2

[Event "16th Asian Games Team Women"]
[Site "Guangzhou CHN"]
[Date "2010.11.20"]
[Round "3"]
[White "Ju, Wenjun"]
[Black "Tania, Sachdev"]
[Result "1/2-1/2"]
[WhiteTitle "WGM"]
[BlackTitle "IM"]
[WhiteElo "2524"]
[BlackElo "2385"]
[WhiteTeam "CHN"]
[BlackTeam "IND"]
[WhiteFideId "8603006"]
[BlackFideId "5007844"]
[EventDate "2010.11.18"]

1. c4 e5 2. Nc3 Nf6 3. g3 d5 4. cxd5 Nxd5 5. Bg2 Nb6 6. Nf3 Nc6 7. O-O Be7 8. a3
Be6 9. d3 O-O 10. b4 a5 11. b5 Nd4 12. Rb1 f6 13. Nd2 Qc8 14. e3 Nf5 15. Qc2 Rd8
16. Bb2 Nd6 17. Rfc1 Qd7 18. a4 Ne8 19. Bxb7 Rab8 20. Be4 f5 21. Bc6 Qxd3 22.
Qxd3 Rxd3 23. Nf3 Bf6 24. Ne2 Nc4 25. Rxc4 Bxc4 26. Nxe5 Ba2 27. Ra1 Bxe5 28.
Bxe5 Bb3 29. Nd4 Kf8 30. Nxb3 Rxb3 31. Rd1 Rb4 32. Rd7 Rc8 33. Bb7 Rb8 34. Bd5
Nf6 35. Rf7+ Ke8 36. Rxg7 Nxd5 37. Rg8+ Kd7 38. Rxb8 Rxa4 39. Rh8 Ke6 40. Bxc7
Nxc7 41. b6 Na6 42. b7 Kd6 43. Ra8 Kc7 44. Rxa6 Kxb7 45. Rh6 Rc4 46. Rxh7+ Kb6
47. Rh8 a4 48. Ra8 Kb7 49. Ra5 Kb6 50. Ra8 Kb7 51. Ra5 Kb6 52. Ra8 1/2-1/2

[Event "16th Asian Games Team Women"]
[Site "Guangzhou CHN"]
[Date "2010.11.20"]
[Round "3"]
[White "Pourkashiyan, Atousa"]
[Black "Hoang, Thi Bao Tram"]
[Result "1-0"]
[WhiteTitle "WGM"]
[BlackTitle "WGM"]
[WhiteElo "2367"]
[BlackElo "2271"]
[WhiteTeam "IRI"]
[BlackTeam "VIE"]
[WhiteFideId "12502014"]
[BlackFideId "12401102"]
[EventDate "2010.11.18"]

1. e4 c6 2. d4 d5 3. Nd2 dxe4 4. Nxe4 Bf5 5. Ng3 Bg6 6. h4 h6 7. Nf3 Nd7 8. h5
Bh7 9. Bd3 Bxd3 10. Qxd3 e6 11. Bf4 Ngf6 12. O-O-O Be7 13. Kb1 O-O 14. Ne4 Nxe4
15. Qxe4 Nf6 16. Qe2 Qd5 17. Ne5 Qe4 18. Be3 Nd5 19. Rh3 Rad8 20. Rg3 Nxe3 21.
Rxe3 Qd5 22. f4 b5 23. g4 c5 24. c3 cxd4 25. Red3 Qb7 26. cxd4 Rd6 27. g5 hxg5
28. h6 gxh6 29. Qh5 Qe4 30. Qxh6 Qh7 31. fxg5 Qxh6 32. gxh6 Kh7 33. Rg1 Rg8 34.
Rxg8 Kxg8 35. Rg3+ Kf8 36. Rg7 1-0

[Event "16th Asian Games Team Women"]
[Site "Guangzhou CHN"]
[Date "2010.11.20"]
[Round "3"]
[White "Pham, Le Thao Nguyen"]
[Black "Paridar, Shadi"]
[Result "1-0"]
[WhiteTitle "WIM"]
[BlackTitle "WGM"]
[WhiteElo "2337"]
[BlackElo "2253"]
[WhiteTeam "VIE"]
[BlackTeam "IRI"]
[WhiteFideId "12401226"]
[BlackFideId "12500666"]
[EventDate "2010.11.18"]

1. d4 Nf6 2. c3 e6 3. Bf4 b6 4. e3 Bb7 5. Nd2 c5 6. h3 Be7 7. Ngf3 cxd4 8. exd4
O-O 9. Bd3 d6 10. O-O Nbd7 11. Re1 a6 12. Qe2 Re8 13. Rad1 Nf8 14. Bg3 Nh5 15.
Be4 Bxe4 16. Nxe4 d5 17. Ne5 Nxg3 18. Nxg3 Bd6 19. f4 f6 20. Nd3 Qc7 21. Qf2
Rac8 22. Re3 Qf7 23. Rde1 f5 24. Qe2 Qg6 25. Nf1 Qh6 26. Qf2 Re7 27. Nd2 b5 28.
Nb3 Nd7 29. R1e2 Kf7 30. Qe1 Rce8 31. Na5 Nb8 32. Qf1 Rc7 33. g4 fxg4 34. hxg4
Kg8 35. Qf3 Rf7 36. f5 Nd7 37. Nc6 g6 38. Rxe6 Rxe6 39. Rxe6 Qh2+ 40. Kf1 gxf5
41. g5 Kg7 42. Nf2 Nf8 43. Rf6 Rxf6 44. gxf6+ Kg6 45. Ne7+ Kf7 46. Nxf5 Ne6 47.
Qxd5 Bg3 48. Qd7+ Kg6 49. Nxg3 1-0

[Event "16th Asian Games Team Women"]
[Site "Guangzhou CHN"]
[Date "2010.11.20"]
[Round "3"]
[White "Hejazipour, Mitra"]
[Black "Nguyen, Thi Thanh An"]
[Result "1/2-1/2"]
[WhiteTitle "WFM"]
[BlackTitle "WGM"]
[WhiteElo "2268"]
[BlackElo "2300"]
[WhiteTeam "IRI"]
[BlackTeam "VIE"]
[WhiteFideId "12505951"]
[BlackFideId "12400300"]
[EventDate "2010.11.18"]

1. d4 Nf6 2. Nf3 g6 3. g3 Bg7 4. c4 O-O 5. Bg2 c6 6. O-O d5 7. Qb3 Qb6 8. Nc3
dxc4 9. Qxc4 Be6 10. Qa4 Rd8 11. h3 h6 12. e4 Na6 13. Rd1 Ne8 14. Rb1 Qb4 15.
Qc2 Nd6 16. b3 Nb5 17. Nxb5 Qxb5 18. a3 Rd7 19. Bf1 Qa5 20. b4 Qd8 21. Bxa6 bxa6
22. Kg2 Qb6 23. Be3 Qb5 24. Rbc1 Rad8 25. Qc5 Bb3 26. Rd2 Ba4 27. Qxb5 Bxb5 28.
Rc5 e6 29. e5 Bf8 30. Rc3 Rd5 31. Ra2 Ba4 32. Nd2 a5 33. Ne4 Kg7 34. Rc1 R5d7
35. Nc5 Bxc5 36. Rxc5 axb4 37. axb4 Bb3 38. Rb2 1/2-1/2

[Event "16th Asian Games Team Women"]
[Site "Guangzhou CHN"]
[Date "2010.11.20"]
[Round "3"]
[White "Nguyen, Thi Mai Hung"]
[Black "Hakimifard, Ghazal"]
[Result "1-0"]
[WhiteTitle "WIM"]
[BlackTitle "WFM"]
[WhiteElo "2253"]
[BlackElo "2189"]
[WhiteTeam "VIE"]
[BlackTeam "IRI"]
[WhiteFideId "12401676"]
[BlackFideId "12506540"]
[EventDate "2010.11.18"]

1. d4 Nf6 2. Bf4 e6 3. e3 c5 4. c3 b6 5. Nf3 Bb7 6. Bd3 Be7 7. h3 O-O 8. O-O d6
9. Nbd2 cxd4 10. exd4 Nbd7 11. Re1 Re8 12. Bh2 Nf8 13. Qe2 a6 14. Rad1 Ng6 15.
Bc2 Nd5 16. c4 Ndf4 17. Qf1 Bf8 18. a3 Rc8 19. Ba4 Re7 20. Bb3 Rec7 21. Ne4 Bc6
22. Re3 Rb7 23. d5 Bd7 24. dxe6 Bxe6 25. Nd4 Bd7 26. Ne2 Qh4 27. Bg3 Qh6 28.
Nxd6 Bxd6 29. Rxd6 Ne6 30. Qd1 Nc5 31. Ba2 Ba4 32. b3 Bc6 33. Nd4 Bd7 34. b4 Na4
35. Bb3 Nb2 36. Qc2 Nxc4 37. Bxc4 Rbc7 38. Rxd7 Rxc4 39. Qxc4 Rxc4 40. Nf5 1-0

[Event "16th Asian Games Team Women"]
[Site "Guangzhou CHN"]
[Date "2010.11.20"]
[Round "3"]
[White "Lkhamsuren, Uuganbayar"]
[Black "Muminova, Nafisa"]
[Result "0-1"]
[BlackTitle "WIM"]
[WhiteElo "2181"]
[BlackElo "2360"]
[WhiteTeam "MGL"]
[BlackTeam "UZB"]
[WhiteFideId "4901347"]
[BlackFideId "14201526"]
[EventDate "2010.11.18"]

1. e4 e6 2. d4 d5 3. e5 c5 4. c3 Nc6 5. Nf3 Bd7 6. Be2 Rc8 7. O-O a6 8. a3 cxd4
9. cxd4 Nge7 10. Nc3 Nf5 11. Be3 Be7 12. Rc1 Na5 13. Nd2 O-O 14. Bd3 Nxe3 15.
fxe3 Bg5 16. Rf3 f5 17. Qe2 Be8 18. Rff1 b5 19. Qf2 Bh5 20. Ne2 Bxe2 21. Bxe2
Rxc1 22. Rxc1 f4 23. Nf3 fxe3 24. Qg3 Bh6 25. Qh3 Qe7 26. Qg3 Qd8 27. Qh3 Qe7
28. Ne1 Nb3 29. Rd1 Rf2 30. Qg4 Rf4 31. Qh5 Nxd4 32. Nd3 Rh4 33. Rc1 Rxh5 0-1

[Event "16th Asian Games Team Women"]
[Site "Guangzhou CHN"]
[Date "2010.11.20"]
[Round "3"]
[White "Sabirova, Olga"]
[Black "Tuvshintugs, Batchimeg"]
[Result "1/2-1/2"]
[WhiteTitle "WIM"]
[BlackTitle "WGM"]
[WhiteElo "2205"]
[BlackElo "2327"]
[WhiteTeam "UZB"]
[BlackTeam "MGL"]
[WhiteFideId "14200201"]
[BlackFideId "4900839"]
[EventDate "2010.11.18"]

1. e4 e5 2. Nf3 Nc6 3. Bc4 Nf6 4. d3 Be7 5. O-O O-O 6. Re1 d6 7. a4 Be6 8. Nbd2
Qd7 9. c3 Rae8 10. a5 a6 11. h3 Kh8 12. Nf1 d5 13. exd5 Bxd5 14. Ne3 Bxc4 15.
Nxc4 Bd6 16. Qb3 Qc8 17. Nxd6 cxd6 18. Be3 h6 19. d4 e4 20. Nd2 d5 21. c4 Qd7
22. f3 exf3 23. Nxf3 Re4 24. Bf2 Rfe8 25. c5 Nh5 26. Rxe4 dxe4 27. d5 exf3 28.
dxc6 Qxc6 29. Qxf3 Qd7 30. Qb3 Qc6 31. Qf3 Qxf3 32. gxf3 Nf4 33. h4 Re2 34. Bd4
Ne6 35. Bc3 Nxc5 36. Rd1 Re7 37. Rd6 Rd7 38. Rxh6+ Kg8 39. Rb6 Na4 40. Rb3 f6
41. Kf2 Nc5 42. Rb6 Kf7 43. Kg3 Kg6 44. Kg4 Na4 45. Rb4 Nxc3 46. bxc3 Rc7 47. c4
Rc5 48. Rxb7 Rxc4+ 49. f4 Rc5 50. Ra7 Rxa5 51. f5+ Kh6 52. Ra8 Kh7 53. Ra7 Ra1
54. h5 a5 55. Ra8 Ra4+ 56. Kg3 Ra2 57. Kg4 Ra4+ 58. Kg3 Ra1 59. Kg4 a4 60. h6 a3
61. hxg7 Kxg7 62. Kg3 a2 63. Kg2 Kh6 64. Ra5 Kg5 65. Kh2 Kf4 66. Kg2 Ke4 67. Kh2
Kd4 68. Ra8 Ke3 69. Kg2 Kd3 70. Ra3+ Kd4 71. Ra8 Kc5 72. Ra5+ Kd4 73. Ra4+ Ke5
74. Ra5+ Kf4 75. Kh2 Kf3 76. Ra3+ Kg4 77. Ra5 Rf1 78. Rxa2 Rxf5 79. Kg2 Rf4 80.
Kh2 Rf5 81. Kg2 Rf4 82. Rb2 Rc4 83. Kf2 f5 84. Ra2 f4 85. Rb2 Rc3 86. Kg2 Rg3+
87. Kh2 Rh3+ 88. Kg2 f3+ 89. Kg1 Kg3 90. Rg2+ Kf4 91. Ra2 Rh7 92. Ra8 Rg7+ 93.
Kf2 Rg2+ 94. Kf1 Rg5 95. Kf2 Rg2+ 96. Kf1 Rg5 97. Kf2 Rg2+ 98. Kf1 1/2-1/2

[Event "16th Asian Games Team Women"]
[Site "Guangzhou CHN"]
[Date "2010.11.20"]
[Round "3"]
[White "Enkhtuul, Altanulzii"]
[Black "Hamrakulova, Yulduz"]
[Result "0-1"]
[WhiteTitle "WCM"]
[BlackTitle "WIM"]
[WhiteElo "2121"]
[BlackElo "2180"]
[WhiteTeam "MGL"]
[BlackTeam "UZB"]
[WhiteFideId "4901444"]
[BlackFideId "14201151"]
[EventDate "2010.11.18"]

1. Nf3 Nf6 2. g3 d5 3. c4 e6 4. Bg2 c5 5. cxd5 exd5 6. d4 Nc6 7. O-O Be6 8. Nc3
h6 9. e3 Be7 10. Ne5 cxd4 11. exd4 Qb6 12. Be3 Qxb2 13. Na4 Qb5 14. Rb1 Qa6 15.
Re1 Na5 16. Bf1 Nc4 17. Qb3 b6 18. Rec1 Rc8 19. Bd3 O-O 20. f4 Qa5 21. Nxc4 dxc4
22. Bxc4 Rxc4 23. Rxc4 Ng4 24. Rbc1 Bxc4 25. Qxc4 Nxe3 26. Qe2 Nd5 27. Nb2 Bf6
28. Nc4 Bxd4+ 29. Kg2 Qc5 30. Qe4 Nf6 31. Qe1 Qd5+ 32. Kh3 Qh5+ 33. Kg2 Re8 34.
Ne5 Bxe5 35. fxe5 Rxe5 36. Rc8+ Kh7 37. Qb1+ g6 38. Qb3 Qe2+ 39. Kg1 Qe1+ 40.
Kg2 Re2+ 0-1